5HLuxD.jpg

KING HENRY VIII SENIOR AND PRIMARY SCHOOL LIBRARY OPAC

CUDDLE (Record no. 4680)

000 -LEADER
fixed length control field 00323nam a22001217a 4500
008 - FIXED-LENGTH DATA ELEMENTS--GENERAL INFORMATION
fixed length control field 250307b ||||| |||| 00| 0 eng d
020 ## - INTERNATIONAL STANDARD BOOK NUMBER
International Standard Book Number 9781405495356
082 ## - DEWEY DECIMAL CLASSIFICATION NUMBER
Classification number E FIC SHO
100 ## - MAIN ENTRY--PERSONAL NAME
Personal name SHOSHAN,BETH
Relator term AUTHOR
245 ## - TITLE STATEMENT
Title CUDDLE
260 ## - PUBLICATION, DISTRIBUTION, ETC.
Place of publication, distribution, etc. QUEEN STREET HOUSE,4 QUEEN SREET,BATH BA1 1HE,UK
Name of publisher, distributor, etc. PARRAGON
Date of publication, distribution, etc. 2007
942 ## - ADDED ENTRY ELEMENTS (KOHA)
Source of classification or shelving scheme
Holdings
Withdrawn status Lost status Source of classification or shelving scheme Damaged status Not for loan Collection code Permanent Location Current Location Shelving location Date acquired Total Checkouts Full call number Barcode Date last seen Date last checked out Price effective from Koha item type Public note
          Fiction KH8 Primary School Library KH8 Primary School Library Fiction 2025-03-07 2 E FIC SHO KHPL000006490 2025-12-05 2025-11-03 2025-03-07 Books - Fiction KH8 PRIMARY LIBRARY

Powered By KH8 IT Dept